000 00786nam a22002175i 4500
001 165717
003 ES-MaACL
005 20250809062601.0
008 000208s1853 it |||| | ita d
040 _aCCPB | B
_bspa
_cCCPB | B
100 1 _aStahl, Friedrich Julius.
_9132878
245 1 0 _aStoria della filosofia del diritto di Federico Giulio Stahl /
_ctradotta da Pietro Torre ; ed annotata da Raffaele Conforti.
260 _aTorino :
_b[s.n.],
_c1853 (
_fTip. G. Favale e Compagnia)
300 _aXXII, 660, [2] p. ;
_c24 cm.
650 4 _aDerecho-
_xFilosofía
_911620
700 1 1 _aTorre, Pietro,
_etrad.
_9133313
700 1 1 _aConforti, Raffaele,
_eanot.
_9126565
752 _aItalia -
_dTurín
852 _aES-MaACL
_jG-15022
_z-- Enc. hol.
999 _c165717
_d165717